01487nam a2200301 a 450000100100000000500170001000800410002702000180006804000250008604100130011108200150012410000350013924502560017426000400043030000360047050000610050650000330056750000250060059000270062570000430065270000380069570000380073370000550077195201140082695201140094095201140105499900170116800004860520260305073959.0190404s2015 dr ac 000 0 spa d a9789945081046 aDO-SdBNPbspacBNPHU1 aspabeng axxxbP349G1 aGerón, Candido,d1948-9357710aFernando Peña Defilló :bel mundo maravilloso de su arte = the wonderful world of his art /cCándido Gerón ; prólogo Manuel Núñez ; fotografía Mariano Hernández, Cándido Alexander Araújo Batista ; traducción Edward SimsMichell. aSanto Domingo :bCentenario,c2015. a207 p. :bil., retrs. ;c30 cm. aIncluye datos biografícos de Fernando Peña Defilló aLibro en español e ingles. aLibro de pasta dura. aInventariado, 2019/ YL12aNúñez, Manuel,d1957-eprol.9236612aSimsMichell, Edwardetrad.97605712aHernández, Marianoefot.95987512aAraújo Batista, Cándido Alexanderefot.976058 00107-18PDaGRbGRcOId2019-04-02iLF1l0oxxx P349Gp48605-30r2020-06-25w2020-06-25yLFPDZNo se presta 00107-18PDaPDbPDcOId2019-04-02iLF1l0oxxx P349Gp48605-10r2020-06-25w2020-06-25yLFPDZNo se presta 00107-18PDaPDbPDcOId2019-04-02iLF1l0oxxx P349Gp48605-20r2020-06-25w2020-06-25yLFPDZNo se presta c48093d48093